[Event "Saint Louis Masters 2026"]
[Site "Saint Louis USA"]
[Date "2026.02.25"]
[Round "1.1"]
[White "Caruana, Fabiano"]
[Black "Celik, Hasan Huseyin"]
[Result "1-0"]
[WhiteTitle "GM"]
[BlackTitle "IM"]
[WhiteElo "2795"]
[BlackElo "2495"]
[WhiteFideId "2020009"]
[BlackFideId "44506759"]
[EventDate "2026.02.25"]

1. e4 e6 2. d4 d5 3. Nc3 Bb4 4. e5 Ne7 5. a3 Bxc3+ 6. bxc3 c5 7. h4 Nbc6 8. Nf3
h6 9. a4 Qa5 10. Bd2 Bd7 11. h5 Qc7 12. Bd3 c4 13. Be2 O-O-O 14. Qc1 Rdg8 15. g4
f6 16. Bf4 g5 17. hxg6 Nxg6 18. Bg3 fxe5 19. dxe5 Qa5 20. Qd2 Be8 21. Nd4 Ncxe5
22. Rh5 Nf7 23. Nxe6 Ng5 24. Nxg5 hxg5 25. Qd4 Rxh5 26. gxh5 Nf4 27. Bxf4 gxf4
28. Kd2 Qc7 29. Bf3 Qh7 30. Qxa7 Bc6 31. a5 Qg7 32. a6 bxa6 33. Qc5 1-0

[Event "Saint Louis Masters 2026"]
[Site "Saint Louis USA"]
[Date "2026.02.25"]
[Round "1.2"]
[White "Cordova, Emilio"]
[Black "Oparin, Grigoriy"]
[Result "1/2-1/2"]
[WhiteTitle "GM"]
[BlackTitle "GM"]
[WhiteElo "2494"]
[BlackElo "2658"]
[WhiteFideId "3801497"]
[BlackFideId "24125890"]
[EventDate "2026.02.25"]

1. d4 d5 2. Nf3 Nf6 3. e3 a6 4. Bd3 Bg4 5. c4 dxc4 6. Bxc4 e6 7. Nc3 c5 8. h3
Bh5 9. g4 Bg6 10. h4 cxd4 11. Nxd4 h5 12. g5 Ng4 13. Be2 Nd7 14. f3 Nge5 15. e4
b5 16. Be3 Rc8 17. O-O Nc4 18. Bxc4 Rxc4 19. Nce2 Ne5 20. b3 Rc8 21. Rc1 Be7 22.
Bf4 Nd7 23. Rxc8 Qxc8 24. Qc1 Qb7 25. Qc6 Qxc6 26. Nxc6 f6 1/2-1/2

[Event "Saint Louis Masters 2026"]
[Site "Saint Louis USA"]
[Date "2026.02.25"]
[Round "1.3"]
[White "Pranav, V"]
[Black "Mikaelyan, Arman"]
[Result "1/2-1/2"]
[WhiteTitle "GM"]
[BlackTitle "GM"]
[WhiteElo "2641"]
[BlackElo "2494"]
[WhiteFideId "25060783"]
[BlackFideId "13304852"]
[EventDate "2026.02.25"]

1. e4 c5 2. Nf3 g6 3. Bc4 Bg7 4. O-O e6 5. c3 Ne7 6. Re1 O-O 7. Bf1 d5 8. e5 d4
9. c4 b6 10. d3 Bb7 11. Bf4 Nd7 12. Nbd2 Qc7 13. Qe2 Kh8 14. g3 a5 15. Bg2 a4
16. a3 Rab8 17. h4 h6 18. Rac1 Bc6 19. Ne4 b5 20. cxb5 Rxb5 21. Nd6 Rb3 22. Rc2
Qb8 23. Nc4 Qa8 24. Kh2 Nd5 25. Rg1 Nxf4 26. gxf4 Qd8 27. Kg3 f6 28. Nfd2 Bxg2
29. Rxg2 fxe5 30. fxe5 Rf5 31. f4 g5 32. hxg5 hxg5 33. Nxb3 gxf4+ 34. Kf2 f3 35.
Rh2+ Kg8 36. Qe4 axb3 37. Rc1 Nxe5 38. Rg1 Qf6 39. Nd6 Rg5 40. Ne8 Qe7 41. Nxg7
Rxg1 42. Qh7+ Kf8 43. Nxe6+ Qxe6 44. Kxg1 Qg4+ 45. Kf1 Qf4 46. Qh8+ Ke7 47. Qh7+
Kf8 48. Qh6+ Qxh6 49. Rxh6 Nxd3 50. Rf6+ Ke7 51. Rxf3 c4 52. Rxd3 cxd3 53. Ke1
Kd6 54. Kd2 Kc5 55. Kxd3 Kd5 56. Ke2 Ke4 57. Kd2 Ke5 58. Kd3 Kd5 59. a4 Kc5 60.
a5 Kb5 61. Ke4 1/2-1/2

[Event "Saint Louis Masters 2026"]
[Site "Saint Louis USA"]
[Date "2026.02.25"]
[Round "1.4"]
[White "Putnam, Liam"]
[Black "Aryan, Chopra"]
[Result "0-1"]
[WhiteTitle "IM"]
[BlackTitle "GM"]
[WhiteElo "2485"]
[BlackElo "2631"]
[WhiteFideId "30938279"]
[BlackFideId "5084423"]
[EventDate "2026.02.25"]

1. d4 Nf6 2. c4 e6 3. Nc3 Bb4 4. e3 O-O 5. Bd3 d5 6. a3 dxc4 7. Bxc4 Be7 8. Nf3
c5 9. O-O a6 10. dxc5 Bxc5 11. b4 Be7 12. Bb2 b5 13. Bd3 Bb7 14. Qb1 Nbd7 15.
Rd1 h6 16. Ne4 Qc7 17. Rc1 Qb8 18. Bd4 Rc8 19. Nxf6+ Bxf6 20. Bh7+ Kh8 21. Rxc8+
Qxc8 22. Be4 Bxd4 23. Nxd4 Nb6 24. h3 Bxe4 25. Qxe4 Qc3 26. Rd1 Nd5 27. Qd3 Rc8
28. Nb3 Rc4 29. Na5 Qxd3 30. Rxd3 Rc1+ 31. Kh2 g5 32. Nb7 Rc2 33. e4 Nf4 34. Rf3
Kg7 35. Nd6 Rd2 36. e5 Rd3 37. Ne8+ Kg6 38. Nc7 Rxf3 39. gxf3 Nd3 40. Nxa6 Nxe5
41. Kg3 Nc4 42. f4 Kf5 43. fxg5 hxg5 44. Nc7 Nxa3 45. Kf3 f6 46. Ke2 Ke5 47. Kd3
f5 48. Kc3 Kd6 49. Ne8+ Ke7 50. Nc7 Kd7 51. Na6 Kd6 52. Nc5 Nc4 53. Kd3 Ne5+ 54.
Ke3 Ng6 55. Nb3 e5 56. Kf3 Nf4 0-1

[Event "Saint Louis Masters 2026"]
[Site "Saint Louis USA"]
[Date "2026.02.25"]
[Round "1.5"]
[White "Mishra, Abhimanyu"]
[Black "Raja, Harshit"]
[Result "1/2-1/2"]
[WhiteTitle "GM"]
[BlackTitle "GM"]
[WhiteElo "2629"]
[BlackElo "2472"]
[WhiteFideId "30920019"]
[BlackFideId "5089000"]
[EventDate "2026.02.25"]

1. d4 Nf6 2. Nf3 e6 3. Bf4 c5 4. e3 Qb6 5. Nc3 Nh5 6. Bxb8 Rxb8 7. a3 cxd4 8.
exd4 Be7 9. Bd3 Nf4 10. O-O Nxd3 11. Qxd3 d6 12. Rfe1 Bd7 13. Ne4 O-O 14. c4 Qa6
15. b4 Rbc8 16. b5 Qa4 17. Nfd2 d5 18. cxd5 Bxb5 19. Qe3 exd5 20. Nc3 1/2-1/2

[Event "Saint Louis Masters 2026"]
[Site "Saint Louis USA"]
[Date "2026.02.25"]
[Round "1.6"]
[White "Yip, Carissa"]
[Black "Durarbayli, Vasif"]
[Result "0-1"]
[WhiteTitle "IM"]
[BlackTitle "GM"]
[WhiteElo "2466"]
[BlackElo "2612"]
[WhiteFideId "2090732"]
[BlackFideId "13402935"]
[EventDate "2026.02.25"]

1. e4 e5 2. Nf3 Nc6 3. Nc3 Nf6 4. d4 exd4 5. Nxd4 Bb4 6. Nxc6 bxc6 7. Bd3 d5 8.
exd5 Qe7+ 9. Qe2 Qxe2+ 10. Kxe2 cxd5 11. Nb5 Kd7 12. Bf4 a6 13. Nd4 Re8+ 14. Kf1
g6 15. c3 Bd6 16. Bxd6 Kxd6 17. Rd1 c5 18. Nc2 a5 19. Ne3 Kc6 20. h4 a4 21. h5
Be6 22. hxg6 hxg6 23. Rh4 Reb8 24. Rd2 c4 25. Bb1 a3 26. Rf4 Ne8 27. Rfd4 Nc7
28. b4 cxb3 29. c4 dxc4 30. Nxc4 Nb5 31. Ne5+ Kc7 32. R4d3 Rh8 33. Kg1 Rh5 34.
f4 Rah8 35. Kf2 Rh1 36. Rd7+ Bxd7 37. Rxd7+ Kb6 0-1

[Event "Saint Louis Masters 2026"]
[Site "Saint Louis USA"]
[Date "2026.02.25"]
[Round "1.7"]
[White "Woodward, Andy"]
[Black "Munkhdalai, Amilal"]
[Result "1/2-1/2"]
[WhiteTitle "GM"]
[BlackTitle "IM"]
[WhiteElo "2608"]
[BlackElo "2455"]
[WhiteFideId "30953499"]
[BlackFideId "4903250"]
[EventDate "2026.02.25"]

1. d4 Nf6 2. c4 e6 3. g3 d5 4. Bg2 dxc4 5. Nf3 a6 6. O-O Nc6 7. Qd2 Rb8 8. Ne5
Nxe5 9. dxe5 Nd7 10. Qf4 Be7 11. Qg4 g6 12. Qxc4 Nxe5 13. Qc2 O-O 14. Rd1 Bd6
15. Nd2 f5 16. b3 Qe7 17. Bb2 Nf7 18. Nc4 e5 19. Rd3 Be6 20. Rad1 Rfd8 21. R3d2
Bxc4 22. Qxc4 c6 23. e4 fxe4 24. Bxe4 Bc7 25. h4 Rxd2 26. Rxd2 Rd8 27. Re2 Kg7
28. Kg2 Bb6 29. Bf3 Qd6 30. Bc3 Bd4 31. Bd2 Rf8 32. Be4 Qd7 33. Qc1 Kh8 34. Bb4
Rc8 35. Bf3 c5 36. Bd2 Nd6 37. Bh6 Qf5 38. Qe1 b6 39. Bd5 Re8 40. f3 Qd7 41. Bg5
Kg7 42. Qc1 Nf7 43. Be4 Qe6 44. Re1 Nd6 45. Bb1 Kg8 46. h5 Rf8 47. hxg6 hxg6 48.
Bh6 Rf6 49. Bd3 Qd5 50. Qd1 b5 51. Bg5 Rf7 52. Bxg6 Rg7 53. Be4 Nxe4 54. fxe4
Qf7 55. Rf1 Qg6 56. Qg4 Rf7 57. Rf5 c4 58. bxc4 bxc4 59. Rxf7 Kxf7 60. Kf3 Kg7
61. Ke2 Kg8 62. Kd1 Kg7 63. Kc2 Kg8 64. a4 Kg7 65. a5 Kg8 66. Kd1 Kg7 67. Kd2
Kg8 68. Qc8+ Kg7 69. Qg4 Kg8 70. Kd1 Kg7 71. Kc2 Kg8 72. Qc8+ Kg7 73. Qb7+ Qf7
74. Bh6+ Kg8 75. Qc8+ Kh7 76. Qh3 Kg6 77. Bd2 Qf3 78. Qe6+ Kg7 79. Qd7+ Kg6 80.
Qc6+ Kg7 81. Qb7+ Kh8 82. Qc8+ Kg7 83. Qc7+ Kh8 84. Qc8+ Kg7 85. Qc7+ Kh8 86.
Qxc4 Qxe4+ 87. Qd3 Qc6+ 88. Kd1 Qh1+ 89. Be1 Qc6 90. g4 Qe6 91. Qe4 Qb3+ 92. Ke2
Qc4+ 93. Qd3 Qc6 94. Bf2 Bxf2 95. Kxf2 Qc5+ 96. Qe3 Qxa5 97. Qh6+ Kg8 98. Qg6+
Kh8 99. Qh6+ Kg8 100. Qg6+ 1/2-1/2

[Event "Saint Louis Masters 2026"]
[Site "Saint Louis USA"]
[Date "2026.02.25"]
[Round "1.8"]
[White "Shlyakhtenko, Robert"]
[Black "Dudin, Gleb"]
[Result "0-1"]
[WhiteTitle "IM"]
[BlackTitle "GM"]
[WhiteElo "2453"]
[BlackElo "2596"]
[WhiteFideId "30936934"]
[BlackFideId "34184934"]
[EventDate "2026.02.25"]

1. d4 d5 2. c4 e6 3. Nc3 Nf6 4. cxd5 exd5 5. Bg5 c6 6. e3 h6 7. Bh4 Be7 8. Bd3
O-O 9. h3 Ne8 10. Bg3 Nd6 11. Nf3 Nd7 12. Qc2 Nf6 13. O-O Be6 14. Ne5 Re8 15. f3
Rc8 16. Rad1 c5 17. dxc5 Rxc5 18. Qb1 Qc8 19. Na4 Rc7 20. Rc1 b5 21. Nc3 a6 22.
Ne2 Nc4 23. b3 Bc5 24. bxc4 dxc4 25. Nd4 Bxd4 26. exd4 cxd3 27. Nxd3 Rxc1 28.
Rxc1 Qd8 29. Qb2 Bc4 30. Ne5 Qd5 31. a4 Rd8 32. axb5 axb5 33. Nxc4 bxc4 34. Bh4
g5 35. Bf2 Rc8 36. Rc3 Qc6 37. h4 Nd5 38. Rc1 gxh4 39. Bxh4 Re8 40. Re1 c3 41.
Qc1 Rxe1+ 42. Bxe1 c2 43. Bd2 Nc3 44. Qe1 Na2 45. Qg3+ Kh7 46. Qf4 c1=Q+ 47.
Bxc1 Qxc1+ 48. Qxc1 Nxc1 49. Kf2 Kg6 50. Ke3 Kf5 51. g4+ Kg5 52. d5 Nb3 53. Ke4
Nc5+ 54. Ke5 Nd7+ 55. Kd6 Nb6 56. Ke7 f5 0-1

[Event "Saint Louis Masters 2026"]
[Site "Saint Louis USA"]
[Date "2026.02.25"]
[Round "1.9"]
[White "Bharath, Subramaniyam H"]
[Black "Bilych, Oleksii"]
[Result "1-0"]
[WhiteTitle "GM"]
[BlackTitle "IM"]
[WhiteElo "2595"]
[BlackElo "2450"]
[WhiteFideId "46634827"]
[BlackFideId "14156504"]
[EventDate "2026.02.25"]

1. e4 e5 2. Nf3 Nc6 3. Bc4 Bc5 4. d3 Nf6 5. O-O d6 6. c3 a5 7. Re1 O-O 8. h3 h6
9. Bb3 Ba7 10. d4 b5 11. Be3 a4 12. Bc2 Re8 13. Nbd2 Bd7 14. Rc1 Na5 15. b3 axb3
16. axb3 Nc6 17. Ra1 Qb8 18. Nf1 b4 19. d5 Ne7 20. c4 Bxe3 21. Nxe3 Qb6 22. Qd2
g6 23. Bd3 Kg7 24. Ra2 Rxa2 25. Qxa2 Bc8 26. Ra1 Bb7 27. Qd2 Nd7 28. Ra4 Ra8 29.
Rxb4 Ra1+ 30. Kh2 Qa7 31. Bc2 Nc5 32. Qc3 f6 33. Rb5 Ra3 34. Qd2 Ra2 35. Ng4 Ng8
36. b4 Nxe4 37. Qe3 Ng5 38. Nxg5 hxg5 39. Bb3 Ra3 40. Qxa7 Rxa7 41. c5 dxc5 42.
bxc5 c6 43. Rb6 cxd5 44. c6 Bxc6 45. Rxc6 Rd7 46. Ra6 e4 47. Ba4 Rc7 48. Rd6 f5
49. Ne3 Nf6 50. Rxf6 Ra7 51. Nxd5 Rxa4 52. Rc6 Ra2 53. Rc7+ Kf8 54. Kg1 Ra1+ 55.
Kh2 Ra2 56. Nf6 Rxf2 57. Nh7+ Kg8 58. Nxg5 e3 59. Nf3 f4 60. Rc4 1-0

[Event "Saint Louis Masters 2026"]
[Site "Saint Louis USA"]
[Date "2026.02.25"]
[Round "1.10"]
[White "Kuru, Atilla"]
[Black "Bok, Benjamin"]
[Result "1/2-1/2"]
[WhiteTitle "IM"]
[BlackTitle "GM"]
[WhiteElo "2450"]
[BlackElo "2592"]
[WhiteFideId "51607948"]
[BlackFideId "1017063"]
[EventDate "2026.02.25"]

1. e4 e5 2. Nf3 Nc6 3. Bc4 Bc5 4. c3 Nf6 5. d4 exd4 6. e5 d5 7. Bb5 Ne4 8. cxd4
Bb6 9. Nc3 O-O 10. Be3 Bg4 11. h3 Bh5 12. Rc1 Kh8 13. g4 Bg6 14. h4 Nxc3 15.
bxc3 f6 16. Bxc6 bxc6 17. h5 Be4 18. h6 g6 19. Rh3 Bxf3 20. Qxf3 fxe5 21. Qg3
Qe7 22. Qxe5+ Qxe5 23. dxe5 Rae8 24. Kf1 Kg8 25. Bxb6 axb6 26. c4 d4 27. c5 b5
28. Re1 Rf4 29. Ra3 Rxg4 30. Ra6 Rh4 31. Kg2 Re6 32. Ra8+ Kf7 33. Rc8 Re7 34.
e6+ Rxe6 35. Rxc7+ Kf6 36. Rxe6+ Kxe6 37. Rxh7 Kd5 38. Kg3 Rh5 39. Rd7+ Kxc5 40.
h7 Kc4 41. Kg4 d3 42. f4 d2 43. Rxd2 Rxh7 44. Kg5 Rh1 45. Kxg6 Rg1+ 46. Kf6 Rf1
47. f5 c5 48. Ke6 b4 49. f6 b3 50. axb3+ Kxb3 51. Rd5 c4 52. Rb5+ Ka2 53. Rc5
Kb3 54. f7 c3 55. Ke7 c2 56. f8=Q Rxf8 57. Kxf8 Kb2 58. Rxc2+ Kxc2 1/2-1/2

[Event "Saint Louis Masters 2026"]
[Site "Saint Louis USA"]
[Date "2026.02.25"]
[Round "1.11"]
[White "Antipov, Mikhail Al."]
[Black "Bilovil, Bogdan"]
[Result "1-0"]
[WhiteTitle "GM"]
[BlackTitle "IM"]
[WhiteElo "2591"]
[BlackElo "2446"]
[WhiteFideId "4107012"]
[BlackFideId "14168766"]
[EventDate "2026.02.25"]

1. e4 e6 2. d4 d5 3. Nc3 Nf6 4. e5 Nfd7 5. f4 c5 6. Nf3 Nc6 7. Bd3 cxd4 8. Ne2
Bb4+ 9. Bd2 Qb6 10. O-O O-O 11. a3 Bxd2 12. Qxd2 h6 13. b4 a6 14. Kh1 f6 15.
Nexd4 Nxd4 16. Nxd4 fxe5 17. fxe5 Rxf1+ 18. Rxf1 Nxe5 19. Qf4 Nxd3 20. cxd3 Bd7
21. h3 Qd8 22. Qd6 Rc8 23. Nxe6 Bxe6 24. Qxe6+ Kh8 25. Re1 d4 26. Qf7 Qh4 27.
Re4 Qg5 28. Qxb7 Rf8 29. Kh2 Kh7 30. h4 Qf6 31. Qd5 Rd8 32. Qe5 Qf2 33. Rg4 Rd7
34. Qe4+ 1-0

[Event "Saint Louis Masters 2026"]
[Site "Saint Louis USA"]
[Date "2026.02.25"]
[Round "1.12"]
[White "Atanasov, Anthony"]
[Black "Lodici, Lorenzo"]
[Result "1/2-1/2"]
[WhiteTitle "IM"]
[BlackTitle "GM"]
[WhiteElo "2441"]
[BlackElo "2590"]
[WhiteFideId "2623897"]
[BlackFideId "884189"]
[EventDate "2026.02.25"]

1. d4 Nf6 2. Bf4 c5 3. dxc5 e6 4. Bd6 Bxd6 5. cxd6 Qb6 6. b3 Ne4 7. e3 Qxd6 8.
Qd4 Qxd4 9. exd4 Nc6 10. Bd3 d5 11. Ne2 Nb4 12. Bxe4 dxe4 13. Kd2 b6 14. Nbc3 f5
15. a3 Nc6 16. Ke3 Kf7 17. Rad1 Rd8 18. h4 Ba6 19. b4 Bc4 20. g4 Rac8 21. gxf5
exf5 22. Nf4 Ne7 23. Rd2 Bd3 24. Rxd3 exd3 25. Kxd3 Rd6 26. Nb5 Rd7 27. c4 Rcd8
28. d5 a6 29. Nc3 Rc8 1/2-1/2

[Event "Saint Louis Masters 2026"]
[Site "Saint Louis USA"]
[Date "2026.02.25"]
[Round "1.13"]
[White "Hong, Andrew"]
[Black "Narayanan, Samrug"]
[Result "1-0"]
[WhiteTitle "GM"]
[BlackTitle "IM"]
[WhiteElo "2587"]
[BlackElo "2438"]
[WhiteFideId "2099438"]
[BlackFideId "30914051"]
[EventDate "2026.02.25"]

1. e4 e5 2. Nf3 Nc6 3. Bc4 Bc5 4. d3 Nf6 5. O-O O-O 6. h3 h6 7. Re1 d6 8. c3 a6
9. a4 Ba7 10. Nbd2 Be6 11. Bxe6 fxe6 12. Nf1 Qe8 13. Be3 Bxe3 14. Rxe3 Qf7 15.
Ng3 a5 16. Qb3 Rab8 17. Rc1 Rfe8 18. Qb5 d5 19. Rce1 Nd7 20. d4 exd4 21. Nxd4
Nxd4 22. cxd4 Nb6 23. b3 dxe4 24. Qxa5 Nd5 25. Rxe4 b5 26. Qd2 bxa4 27. bxa4 Rb4
28. a5 Ra4 29. Rc1 Ra8 30. Rc5 Nf6 31. Re1 Qd7 32. Rd1 Rd8 33. Qe1 Rxd4 34. Rxd4
Qxd4 35. Qxe6+ Kh8 36. Qc6 Qf4 37. Rf5 Rd1+ 38. Kh2 Qh4 39. Qf3 Ra1 40. Nh5 Ng8
41. Qc3 1-0

[Event "Saint Louis Masters 2026"]
[Site "Saint Louis USA"]
[Date "2026.02.25"]
[Round "1.14"]
[White "Adewumi, Tanitoluwa"]
[Black "Warmerdam, Max"]
[Result "0-1"]
[WhiteTitle "IM"]
[BlackTitle "GM"]
[WhiteElo "2433"]
[BlackElo "2580"]
[WhiteFideId "30966396"]
[BlackFideId "1048104"]
[EventDate "2026.02.25"]

1. d4 Nf6 2. c4 g6 3. Nf3 Bg7 4. e3 O-O 5. Be2 b6 6. O-O Bb7 7. Qc2 Be4 8. Qb3
Bb7 9. Qc2 Be4 10. Qb3 Bb7 11. Nc3 Ne4 12. Nxe4 Bxe4 13. Bd2 d6 14. Bc3 Nd7 15.
Rad1 e6 16. Nd2 Bb7 17. Bf3 Qc8 18. Rfe1 a5 19. Qb5 Bxf3 20. Nxf3 c6 21. Qg5 Nf6
22. e4 d5 23. Nd2 Nxe4 24. Nxe4 dxe4 25. Rxe4 Rd8 26. Qd2 Qa6 27. Qe2 b5 28. b3
a4 29. Kf1 axb3 30. axb3 Qa3 31. Qc2 bxc4 32. bxc4 Qa4 33. Qd3 c5 34. Rc1 cxd4
35. Bd2 Qc6 36. Rh4 e5 37. Qh3 h5 38. Qd3 Ra2 39. Be1 f5 40. Qb3 Qa6 41. Kg1 Ra1
42. c5+ Kh7 43. Rxa1 Qxa1 44. Kf1 Qa6+ 45. Kg1 Qe2 46. Qb1 d3 0-1

[Event "Saint Louis Masters 2026"]
[Site "Saint Louis USA"]
[Date "2026.02.25"]
[Round "1.15"]
[White "Fier, Alexandr"]
[Black "Lu, Maximillian"]
[Result "1/2-1/2"]
[WhiteTitle "GM"]
[BlackTitle "IM"]
[WhiteElo "2572"]
[BlackElo "2424"]
[WhiteFideId "2107139"]
[BlackFideId "2096242"]
[EventDate "2026.02.25"]

1. e4 c5 2. Nf3 Nc6 3. d4 cxd4 4. Nxd4 Nf6 5. Nc3 e5 6. Ndb5 d6 7. Bg5 a6 8. Na3
b5 9. Nd5 Be7 10. Bxf6 Bxf6 11. c4 b4 12. Nc2 Rb8 13. Be2 Bg5 14. O-O O-O 15.
Qd3 Be6 16. Rfd1 a5 17. b3 g6 18. h3 f5 19. Bf3 Qc8 20. a3 bxa3 21. Rxa3 Rb7 22.
Nde3 Rc7 23. Qe2 Rcf7 24. Rxd6 Be7 25. Rxc6 Qxc6 26. exf5 e4 27. fxe6 Rg7 28.
Bxe4 Qxe4 29. Rxa5 Qxe6 30. Qd2 Kh8 31. Qd4 Bf6 32. Qd5 Qe8 33. Ra6 Rgf7 34. Nd4
Bg7 35. Nf3 Qb8 36. c5 Rb7 37. Nd2 Qf4 38. Ne4 Rb4 39. Ra4 Rxa4 40. bxa4 Re8 41.
Nd6 Rf8 42. Qa2 Bd4 43. g3 Qf6 44. Ne4 Qf3 45. Ng5 Qf6 46. Ne6 Qf7 47. Qd2 Bxe3
48. Qxe3 Re8 49. Qc3+ Kg8 50. Nd4 Rf8 51. Qb2 Qc4 52. c6 Rd8 53. c7 Qxc7 54. Ne6
Rb8 55. Nxc7 Rxb2 56. a5 1/2-1/2

[Event "Saint Louis Masters 2026"]
[Site "Saint Louis USA"]
[Date "2026.02.25"]
[Round "1.16"]
[White "Park, Evan"]
[Black "Quesada Perez, Yasser"]
[Result "0-1"]
[WhiteTitle "IM"]
[BlackTitle "GM"]
[WhiteElo "2419"]
[BlackElo "2562"]
[WhiteFideId "30931142"]
[BlackFideId "3509362"]
[EventDate "2026.02.25"]

1. e4 e5 2. Nf3 Nc6 3. Bb5 a6 4. Ba4 d6 5. c3 Bd7 6. O-O Nge7 7. d4 Ng6 8. h3
Be7 9. d5 Nb8 10. Bc2 h6 11. c4 Bg5 12. Nc3 Bxc1 13. Rxc1 Qf6 14. Ne1 O-O 15.
Nd3 Qg5 16. Qf3 c5 17. Ba4 Bxa4 18. Nxa4 b5 19. Nb6 Ra7 20. a4 b4 21. a5 f5 22.
exf5 Rxf5 23. Qe3 Qf6 24. Rce1 Rf7 25. f4 Nxf4 26. Nxf4 g5 27. g3 gxf4 28. gxf4
Kf8 29. b3 Ke8 30. Re2 Kd8 31. Rg2 Kc7 32. Kh2 Qe7 33. Rgf2 Qf8 34. Rg2 Nd7 35.
Nxd7 Rxd7 36. Qg3 exf4 37. Qg8 Re7 38. Qxf8 Rxf8 39. Rgf2 Re4 40. Rf3 Kd7 41.
R1f2 Ke7 42. Rg2 Kf6 43. h4 Ke5 44. Rg6 Rf6 45. Rg7 Kd4 46. h5 Re5 47. Ra7 Rxh5+
48. Kg2 Rg6+ 49. Kf1 Rh1+ 50. Ke2 Rh2+ 51. Kf1 Rg3 52. Rxg3 fxg3 53. Rxa6 Ke5
54. Ra8 Ra2 55. a6 Kd4 56. Rg8 Rxa6 57. Rxg3 Ra2 58. Ke1 Rc2 59. Rh3 Rc3 60.
Rh4+ Kd3 61. Rxh6 Rxb3 62. Rxd6 Kxc4 63. Rd8 Re3+ 64. Kf2 Rd3 65. d6 Kc3 66. Rg8
Rxd6 0-1

[Event "Saint Louis Masters 2026"]
[Site "Saint Louis USA"]
[Date "2026.02.25"]
[Round "1.17"]
[White "Sonis, Francesco"]
[Black "Rorrer, Grayson"]
[Result "1-0"]
[WhiteTitle "GM"]
[BlackTitle "IM"]
[WhiteElo "2561"]
[BlackElo "2415"]
[WhiteFideId "895733"]
[BlackFideId "30944996"]
[EventDate "2026.02.25"]

1. e4 e6 2. d4 d5 3. Nc3 Bb4 4. e5 c5 5. Nf3 Ne7 6. a3 Ba5 7. dxc5 Bxc3+ 8. bxc3
Nd7 9. c4 Nxc5 10. cxd5 exd5 11. Be2 O-O 12. O-O Nc6 13. Bg5 Qd7 14. Re1 Re8 15.
Bh4 b6 16. Bb5 a6 17. Bf1 Bb7 18. Qd2 Qc7 19. Bg3 Qd7 20. Rad1 Ne7 21. Qb4 Nc8
22. c4 Qe6 23. cxd5 Bxd5 24. Ng5 Qg6 25. Rxd5 Qxg5 26. e6 Qxd5 27. Bc4 Qxe6 28.
Bxe6 Nxe6 29. f4 g6 30. f5 gxf5 31. Bh4 a5 32. Qb3 Ne7 33. Bf6 Ng6 34. Qxb6 Reb8
35. Qc6 Rc8 36. Qd5 Ng7 37. Bxg7 Kxg7 38. Qxf5 Rc4 39. Rf1 Ra7 40. Qf6+ Kg8 41.
Rd1 Rc8 42. h4 h5 43. Rd5 Rc1+ 44. Kh2 Re7 45. Rxh5 Re6 46. Qd8+ Kg7 47. Qd4+
Kg8 48. Rxa5 Ree1 49. h5 Rh1+ 50. Kg3 1-0

[Event "Saint Louis Masters 2026"]
[Site "Saint Louis USA"]
[Date "2026.02.25"]
[Round "1.18"]
[White "Pyrih, Roman"]
[Black "Tiglon, Bryce"]
[Result "1-0"]
[WhiteTitle "IM"]
[BlackTitle "GM"]
[WhiteElo "2403"]
[BlackElo "2550"]
[WhiteFideId "14179156"]
[BlackFideId "2087456"]
[EventDate "2026.02.25"]

1. e4 e5 2. Nf3 Nc6 3. Bb5 a6 4. Ba4 Nf6 5. d3 Bc5 6. O-O d6 7. h3 b5 8. Bb3 Na5
9. c3 Nxb3 10. axb3 Bb6 11. b4 O-O 12. Be3 c6 13. Nbd2 a5 14. d4 exd4 15. Nxd4
Bd7 16. bxa5 Bxa5 17. Qf3 h6 18. b4 Bc7 19. Rxa8 Qxa8 20. Bxh6 c5 21. Nf5 Bxf5
22. Qxf5 Bd8 23. Be3 g6 24. Qf3 cxb4 25. cxb4 Re8 26. Bg5 Nd7 27. Bxd8 Qxd8 28.
Qd3 Qb6 29. Nf3 Qc6 30. Re1 Nb6 31. h4 d5 32. e5 Qc4 33. Qd2 Qg4 34. Qe3 Nd7 35.
Qa7 Nf8 36. Ng5 Qf5 37. Qb7 d4 38. Qxb5 Rd8 39. Qb6 Rd7 40. Ne4 Nh7 41. Nc5 Rd5
42. Qb7 Rd8 43. e6 d3 44. e7 Re8 45. Qc6 Nf6 46. Nxd3 Kg7 47. Qc3 Kh7 48. Qe5
Qxe5 49. Rxe5 Kg7 50. b5 Nd7 51. Re1 Nb6 52. Nb4 f6 53. Nc6 Kf7 54. g4 Nd5 55.
f3 Rh8 56. Kf2 Re8 57. Kg3 Nb6 58. Rd1 Nc8 59. Rd8 Nb6 60. h5 1-0

[Event "Saint Louis Masters 2026"]
[Site "Saint Louis USA"]
[Date "2026.02.25"]
[Round "1.19"]
[White "Akobian, Varuzhan"]
[Black "Kiolbasa, Oliwia"]
[Result "1-0"]
[WhiteTitle "GM"]
[BlackTitle "IM"]
[WhiteElo "2549"]
[BlackElo "2397"]
[WhiteFideId "13300580"]
[BlackFideId "1154613"]
[EventDate "2026.02.25"]

1. d4 d5 2. c4 e6 3. Nc3 c6 4. e3 f5 5. Bd3 Nf6 6. Qc2 Bd6 7. cxd5 cxd5 8. Nb5
Bb4+ 9. Bd2 Bxd2+ 10. Qxd2 O-O 11. Nf3 Ne4 12. Bxe4 fxe4 13. Ne5 Bd7 14. Nc3 Nc6
15. f4 exf3 16. Nxf3 Be8 17. O-O Bh5 18. Ne5 Nxe5 19. dxe5 Qg5 20. Qd4 Rac8 21.
Qxa7 Qxe5 22. Rxf8+ Rxf8 23. Rf1 Rxf1+ 24. Kxf1 h6 25. Kg1 Bg6 26. Qd4 Qf5 27.
Qd2 Kh7 28. a4 Qg4 29. Qd4 Qg5 30. Qf4 Qe7 31. b4 Bd3 32. h3 Bc4 33. b5 e5 34.
Qf5+ g6 35. Qf3 d4 36. Ne4 Kg7 37. Nd2 Be6 38. exd4 exd4 39. Qd3 Qb4 40. Nf3
Qxa4 41. Nxd4 Qc4 42. Qe3 Bf7 43. Qe5+ Kg8 44. b6 Qc1+ 45. Kh2 Qb2 46. Qb8+ Kg7
47. Qxb7 Qxd4 48. Qc7 1-0

[Event "Saint Louis Masters 2026"]
[Site "Saint Louis USA"]
[Date "2026.02.25"]
[Round "1.20"]
[White "Abrahamyan, Tatev"]
[Black "Stremavicius, Titas"]
[Result "0-1"]
[WhiteTitle "IM"]
[BlackTitle "GM"]
[WhiteElo "2378"]
[BlackElo "2547"]
[WhiteFideId "13301918"]
[BlackFideId "12804444"]
[EventDate "2026.02.25"]

1. e4 e6 2. d4 d5 3. e5 c5 4. c3 Nc6 5. Nf3 f6 6. Bd3 fxe5 7. dxe5 Nh6 8. O-O
Nf5 9. c4 dxc4 10. Bxc4 Be7 11. Qxd8+ Bxd8 12. Nc3 O-O 13. Ne4 b6 14. Rd1 Bc7
15. Nfg5 Nfd4 16. f4 h6 17. Nh3 Bb7 18. Nhf2 Rad8 19. Bd2 g5 20. Ng4 gxf4 21.
Nef6+ Kh8 22. Bxf4 h5 23. Nxh5 Rf5 24. Ngf6 Nxe5 25. Bg3 Nxc4 26. Bxc7 Ne2+ 27.
Kh1 Rxd1+ 28. Rxd1 Bxg2+ 0-1

[Event "Saint Louis Masters 2026"]
[Site "Saint Louis USA"]
[Date "2026.02.25"]
[Round "1.21"]
[White "Hardaway, Brewington"]
[Black "Rosen, Eric"]
[Result "1-0"]
[WhiteTitle "GM"]
[BlackTitle "IM"]
[WhiteElo "2544"]
[BlackElo "2377"]
[WhiteFideId "30941849"]
[BlackFideId "2032562"]
[EventDate "2026.02.25"]

1. e4 c5 2. Nf3 e6 3. g3 d5 4. d3 Nc6 5. Qe2 Nge7 6. Bg2 g6 7. h4 h6 8. Bf4 Bg7
9. e5 b5 10. Nbd2 Qb6 11. O-O a5 12. Rfe1 a4 13. c3 Ba6 14. Rac1 Rd8 15. Nf1 b4
16. Ne3 a3 17. bxa3 bxc3 18. Rxc3 c4 19. dxc4 d4 20. Rb3 Qc5 21. Ng4 Bxc4 22.
Qc2 Nd5 23. Nd2 Na5 24. Ne4 Qa7 25. Rb4 h5 26. Ngf6+ Bxf6 27. Nxf6+ Nxf6 28.
exf6 O-O 29. Bh6 Rfe8 30. Bg7 Qc5 31. Qd2 g5 32. Ra4 Ra8 33. Bxa8 Rxa8 34. Rc1
Qd5 35. Qxg5 Qxg5 36. hxg5 Bxa2 37. g6 e5 38. Rxa5 1-0